Researchmethods for the behavioral sciences (Record no. 1308312)

MARC details
000 -LEADER
fixed length control field 00725nam a22002297a 4500
005 - DATE AND TIME OF LATEST TRANSACTION
control field 20250401101150.0
008 - FIXED-LENGTH DATA ELEMENTS--GENERAL INFORMATION
fixed length control field 250401b |||||||| |||| 00| 0 eng d
020 ## - INTERNATIONAL STANDARD BOOK NUMBER
International Standard Book Number 978-1-0718-9543-6 (pbk)
037 ## - SOURCE OF ACQUISITION
Terms of availability TB
040 ## - CATALOGING SOURCE
Original cataloging agency AL
Transcribing agency AL
041 ## - LANGUAGE CODE
Source of code eng
Language code of text/sound track or separate title eng
084 ## - COLON CLASSIFICATION NUMBER
Classification number S:f R3
Assigning agency AL
100 ## - MAIN ENTRY--PERSONAL NAME
Personal name Privitera, Gregory J.
9 (RLIN) 444993
245 ## - TITLE STATEMENT
Title Researchmethods for the behavioral sciences
260 ## - PUBLICATION, DISTRIBUTION, ETC.
Place of publication, distribution, etc. Los Angeles, USA:
Name of publisher, distributor, etc. Sage,
Date of publication, distribution, etc. 2023
300 ## - PHYSICAL DESCRIPTION
Extent xxix, 584p.
365 ## - TRADE PRICE
Price amount 129.00
Currency code USD
650 ## - SUBJECT ADDED ENTRY--TOPICAL TERM
Topical term or geographic name entry element Psychology
650 ## - SUBJECT ADDED ENTRY--TOPICAL TERM
Topical term or geographic name entry element Research Methord
9 (RLIN) 751652
942 ## - ADDED ENTRY ELEMENTS (KOHA)
Source of classification or shelving scheme Colon Classification (CC)
Koha item type Textbook
Classification part S:f R3
Suppress in OPAC No
Holdings
Withdrawn status Lost status Source of classification or shelving scheme Damaged status Not for loan Home library Current library Date acquired Source of acquisition Cost, normal purchase price Inventory number Total Checkouts Full call number Barcode Date last seen Price effective from Koha item type
    Colon Classification (CC)     Arts Library Arts Library 2025-04-01 Bright Book Service 129.00 2459 & 2025-02-14   S:f R3 AL1804496 2025-04-01 2025-04-01 Textbook
Copyright @ Delhi University Library System